Santé publique, hygiène raciale et eugénisme sous le Troisième Reich : l’exemple de Vienne (notice n° 1655720)

détails MARC
000 -LEADER
fixed length control field 01334cam a2200157 4500500
005 - DATE AND TIME OF LATEST TRANSACTION
control field 20260208010238.0
041 ## - LANGUAGE CODE
Language code of text/sound track or separate title fre
042 ## - AUTHENTICATION CODE
Authentication code dc
100 10 - MAIN ENTRY--PERSONAL NAME
Personal name Czech, Herwig
Relator term author
245 00 - TITLE STATEMENT
Title Santé publique, hygiène raciale et eugénisme sous le Troisième Reich : l’exemple de Vienne
260 ## - PUBLICATION, DISTRIBUTION, ETC.
Date of publication, distribution, etc. 2005.<br/>
500 ## - GENERAL NOTE
General note 75
520 ## - SUMMARY, ETC.
Summary, etc. The paper deals with the implementation of eugenic and racist practices in Public Health and Welfare domain. In this process, the Public Health offices played a vital and widely underestimated role, after they had been completely reorganized for this purpose. Vienna is a very instructive example, since its specific situation made the city a top priority on the agenda of Nazi racial politics. This can be seen in a broad range of fields, to mention just the most important ones : eugenic screening of marriages, persecution of “anti-social behavior”, forced sterilizations and mass killing of patients in the so-called “euthanasia” programs, as well as a considerable contribution of the health authorities to the persecution of Jews, Sinti and Roma and forced laborers.
786 0# - DATA SOURCE ENTRY
Note Revue d’Histoire de la Shoah | 183 | 2 | 2005-10-19 | p. 423-440 | 2111-885X
856 41 - ELECTRONIC LOCATION AND ACCESS
Uniform Resource Identifier <a href="https://shs.cairn.info/revue-d-histoire-de-la-shoah-2005-2-page-423?lang=fr&redirect-ssocas=7080">https://shs.cairn.info/revue-d-histoire-de-la-shoah-2005-2-page-423?lang=fr&redirect-ssocas=7080</a>

Pas d'exemplaire disponible.

PLUDOC

PLUDOC est la plateforme unique et centralisée de gestion des bibliothèques physiques et numériques de Guinée administré par le CEDUST. Elle est la plus grande base de données de ressources documentaires pour les Étudiants, Enseignants chercheurs et Chercheurs de Guinée.

Adresse

627 919 101/664 919 101

25 boulevard du commerce
Kaloum, Conakry, Guinée

Réseaux sociaux

Powered by Netsen Group @ 2025